Statistics for Best NBA Players 2022

Click here to take the quiz!

General Stats

  • This quiz has been taken 48 times
  • The average score is 13 of 15

Answer Stats

HintAnswer% Correct
WarriorsSteph Curry
100%
NetsKevin Durant
98%
LakersLeBron James
98%
BucksGiannis Antetokounmpo
95%
CelticsJayson Tatum
93%
PelicansZion Williamson
93%
SunsDevin Booker
90%
GrizzliesJA Morant
90%
HornetsLaMelo Ball
90%
NuggetsNikola Jokić
90%
TrailblazersDamian Lillard
88%
ClippersPaul George
88%
HawksTrae Young
88%
76ersJoel Embiid
86%
MavericksLuka Donic
17%

Score Distribution

Percentile by Number Answered

Percent of People with Each Score

Your Score History

You have not taken this quiz